Вычислительная техника и информационные технологии: учебное пособие

Bibliographische Detailangaben
1. Verfasser: Щербакова Т. Ф. Татьяна Филипповна
Weitere Verfasser: Козлов С. В. Сергей Владимирович, Коробков А. А. Алексей Александрович
Zusammenfassung:Учебное пособие создано в соответствии с Федеральным государственным образовательным стандартом по направлению подготовки 210700 «Инфокоммуни-кационные технологии и системы связи» (квалификации «бакалавр» и «магистр»).Рассмотрены логические основы цифровой техники, методы синтеза комбинационных и последовательных узлов, узлы цифровых устройств, общие принципы построения компьютеров. Дано описание микропроцессоров общего назначения, сигнальных процессоров, микроконтроллеров. Изложены вопросы применения вычислительной техники в современных инфокоммуникацион-ньгх технологиях. Приведены алгоритмы и структурные схемы устройств, реали зующих задачи обработки информации и управления объектами в телекоммуникационных системах. Для студентов учреждений высшего профессионального образования.
Sprache:Russisch
Veröffentlicht: Москва, Академия, 2012
Schriftenreihe:Высшее профессиональное образование. Бакалавриат
Информатика и вычислительная техника
Schlagworte:
Format: MixedMaterials Buch
KOHA link:https://koha.lib.tpu.ru/cgi-bin/koha/opac-detail.pl?biblionumber=214197

MARC

LEADER 00000nam0a2200000 4500
001 214197
005 20231101225853.0
010 |a 9785769584138 
035 |a (RuTPU)RU\TPU\book\234055 
090 |a 214197 
100 |a 20120420d2012 m y0rusy50 ca 
101 0 |a rus 
102 |a RU 
105 |a a j 001zy 
200 1 |a Вычислительная техника и информационные технологии  |e учебное пособие  |f Т. Ф. Щербакова, С. В. Козлов, А. А. Коробков 
210 |a Москва  |c Академия  |d 2012 
215 |a 302 с.  |c ил. 
225 1 |a Высшее профессиональное образование. Бакалавриат 
225 1 |a Информатика и вычислительная техника 
320 |a Библиогр.: с. 300. 
330 |a Учебное пособие создано в соответствии с Федеральным государственным образовательным стандартом по направлению подготовки 210700 «Инфокоммуни-кационные технологии и системы связи» (квалификации «бакалавр» и «магистр»).Рассмотрены логические основы цифровой техники, методы синтеза комбинационных и последовательных узлов, узлы цифровых устройств, общие принципы построения компьютеров. Дано описание микропроцессоров общего назначения, сигнальных процессоров, микроконтроллеров. Изложены вопросы применения вычислительной техники в современных инфокоммуникацион-ньгх технологиях. Приведены алгоритмы и структурные схемы устройств, реали зующих задачи обработки информации и управления объектами в телекоммуникационных системах. Для студентов учреждений высшего профессионального образования. 
606 1 |a Вычислительная техника  |x В целом  |2 stltpush  |3 (RuTPU)RU\TPU\subj\4023  |9 32339 
610 1 |a цифровая техника 
610 1 |a логические основы 
610 1 |a цифровые устройства 
610 1 |a элементы 
610 1 |a персональные компьютеры 
610 1 |a построение 
610 1 |a функционирование 
610 1 |a сигнальные процессоры 
610 1 |a микроконтроллеры 
610 1 |a системы управления 
610 1 |a инфокоммуникационные сети 
610 1 |a локальные вычислительные сети 
610 1 |a Интернет 
610 1 |a электронная почта 
610 1 |a компьютерная телефония 
610 1 |a видеоконференции 
610 1 |a информация 
610 1 |a защита 
610 1 |a учебные пособия 
675 |a 004(075.8)  |v 4 
700 1 |a Щербакова  |b Т. Ф.  |g Татьяна Филипповна 
701 1 |a Козлов  |b С. В.  |g Сергей Владимирович 
701 1 |a Коробков  |b А. А.  |g Алексей Александрович 
801 1 |a RU  |b 63413507  |c 20120420 
801 2 |a RU  |b 63413507  |c 20150428  |g RCR 
900 |a Вычислительная техника и информационные технологии 
942 |c BK 
951 |b 210700 
959 |a 64/20120420  |d 2  |e 449,90  |f ЧЗТЛ:1  |f АНЛ:1